000 00267nam a22001331a 4500
999 _c162598
_d162598
082 _aM2
_b
245 _aPancharathram/
260 _a
_b
_c
300 _a
650 _aDrama Malayalam
650 _aLiterature
650 _aLiterature Malayalam
942 _cBK